000 00384nam a2200145Ia 4500
008 200103s9999||||xx |||||||||||||| ||und||
040 _aIMU-MPC
082 _aColumn-10
100 _aAdmiralty
245 0 _aAdmiralty list of radio signals
250 _aVol. 1, Part 2, NP 281(2), 1999/00
260 _bAdmirality Charts and Publications
_c1996
300 _axxiv, 305
942 _cBK
999 _c4449
_d4449